[Event "Faroes Open 2018"]
[Site "Sandavagur"]
[Date "2018.07.09"]
[Round "4"]
[White "Fjallheim, Benjamin Reinert"]
[Black "Nielsen, Suni í Horni"]
[Result "0-1"]
[WhiteElo "1375"]
[BlackElo "1487"]
[Annotator "NA"]
[PlyCount "116"]
[EventDate "2018.07.07"]
[EventType "swiss"]
[EventCountry "FAI"]
[SourceTitle "playchess.com"]
[Source "ChessBase"]
[SourceQuality "1"]
[TimeControl "40/5400+30:900+30"]

1. e4 {[%emt 0:00:00]} e5 {[%emt 0:00:00]} 2. Nf3 {[%emt 0:00:02]} Nc6 {[%emt 0:01:04]} 3. Bc4 {[%emt 0:01:00]} Nf6 {[%emt 0:02:27]} 4. d3 {[%emt 0:00:49]} h6 {[%emt 0:02:43]} 5. Nc3 {[%emt 0:05:31]} Bc5 {[%emt 0:01:33]} 6. Be3 {[%emt 0:02:04]} Bb6 {[%emt 0:01:13]} 7. O-O {[%emt 0:01:18]} d6 {[%emt 0:03:03]} 8. h3 {[%emt 0:05:29]} O-O {[%emt 0:03:38]} 9. Qe2 {[%emt 0:06:52]} Be6 {[%emt 0:04:38]} 10. Bb3 {[%emt 0:02:03]} Ne7 {[%emt 0:09:31]} 11. Rad1 {[%emt 0:06:41]} Ng6 {[%emt 0:03:56]} 12. Rfe1 {[%emt 0:04:59]} Qe7 {[%emt 0:02:38]} 13. d4 {[%emt 0:03:50]} exd4 {[%emt 0:01:01]} 14. Bxd4 {[%emt 0:01:15]} Bxb3 {[%emt 0:00:50]} 15. axb3 {[%emt 0:06:33]} Bxd4 {[%emt 0:06:30]} 16. Nxd4 {[%emt 0:03:49]} Rfe8 {[%emt 0:01:22]} 17. Nd5 {[%emt 0:05:22]} Nxd5 {[%emt 0:00:12]} 18. exd5 {[%emt 0:00:11]} Qxe2 {[%emt 0:03:19]} 19. Nxe2 {[%emt 0:02:48]} Re7 {[%emt 0:01:35]} 20. g3 {[%emt 0:02:24]} Rae8 {[%emt 0:01:06]} 21. Kf1 {[%emt 0:00:27]} a6 {[%emt 0:09:51]} 22. Nd4 {[%emt 0:01:36]} Rxe1+ {[%emt 0:03:33]} 23. Rxe1 {[%emt 0:01:53]} Rxe1+ {[%emt 0:00:10]} 24. Kxe1 {[%emt 0:00:15]} Ne7 {[%emt 0:02:10]} 25. c4 {[%emt 0:00:15]} g6 {[%emt 0:01:15]} 26. Ke2 {[%emt 0:01:35]} Kg7 {[%emt 0:00:11]} 27. Ke3 {[%emt 0:01:11]} Kf6 {[%emt 0:04:31]} 28. Kf4 {[%emt 0:04:01]} g5+ {[%emt 0:04:25]} 29. Ke4 {[%emt 0:01:43]} h5 {[%emt 0:03:53]} 30. b4 {[%emt 0:01:16]} c6 {[%emt 0:12:42]} 31. dxc6 {[%emt 0:01:35]} Nxc6 {[%emt 0:00:49]} 32. Nxc6 {[%emt 0:01:43]} bxc6 {[%emt 0:00:07]} 33. g4 {[%emt 0:01:13]} hxg4 {[%emt 0:01:15]} 34. hxg4 {[%emt 0:00:09]} Ke6 {[%emt 0:00:29]} 35. Kd4 {[%emt 0:00:35]} d5 {[%emt 0:01:08]} 36. b3 {[%emt 0:01:50]} f6 {[%emt 0:00:18]} 37. c5 {[%emt 0:01:02]} f5 {[%emt 0:01:01]} 38. gxf5+ {[%emt 0:01:02]} Kxf5 {[%emt 0:00:07]} 39. Kd3 {[%emt 0:01:44]} Kf4 {[%emt 0:00:52]} 40. Kd4 {[%emt 0:00:46]} Kf3 {[%emt 0:00:27]} 41. Ke5 {[%emt 0:15:18]} Kxf2 {[%emt 0:15:37]} 42. Kd6 {[%emt 0:00:11]} d4 {[%emt 0:00:07]} 43. Kxc6 {[%emt 0:00:07]} d3 {[%emt 0:00:01]} 44. Kb7 {[%emt 0:00:32]} d2 {[%emt 0:00:08]} 45. c6 {[%emt 0:00:05]} d1=Q {[%emt 0:00:13]} 46. c7 {[%emt 0:00:07]} Qd7 {[%emt 0:00:03]} 47. Kb8 {[%emt 0:00:34]} g4 {[%emt 0:00:59]} 48. c8=Q {[%emt 0:00:13]} Qxc8+ {[%emt 0:00:02]} 49. Kxc8 {[%emt 0:00:17]} g3 {[%emt 0:00:05]} 50. Kb7 {[%emt 0:00:12]} g2 {[%emt 0:00:02]} 51. Kxa6 {[%emt 0:00:10]} g1=Q {[%emt 0:00:12]} 52. b5 {[%emt 0:00:02]} Qa1+ {[%emt 0:01:10]} 53. Kb7 {[%emt 0:00:10]} Qg7+ {[%emt 0:00:55]} 54. Ka6 {[%emt 0:00:21]} Qc7 {[%emt 0:00:23]} 55. b6 {[%emt 0:00:55]} Qb8 {[%emt 0:00:09]} 56. b4 {[%emt 0:00:04]} Ke3 {[%emt 0:00:11]} 57. b7 {[%emt 0:00:02]} Kd4 {[%emt 0:00:28]} 58. b5 {[%emt 0:00:05]} Kc5 {[%emt 0:00:16]} 0-1

[Event "Faroes Open 2018"]
[Site "Sandavagur"]
[Date "2018.07.09"]
[Round "4"]
[White "Tummasarson, Flóvin Matras"]
[Black "Joensen, Hans Petur"]
[Result "1/2-1/2"]
[WhiteElo "1237"]
[BlackElo "1627"]
[Annotator "NA"]
[PlyCount "66"]
[EventDate "2018.07.07"]
[EventType "swiss"]
[EventCountry "FAI"]
[SourceTitle "playchess.com"]
[Source "ChessBase"]
[SourceQuality "1"]
[TimeControl "40/5400+30:900+30"]

1. e4 {[%emt 0:00:00]} d5 {[%emt 0:00:00]} 2. exd5 {[%emt 0:00:00]} Qxd5 {[%emt 0:00:00]} 3. Nc3 {[%emt 0:00:03]} Qd6 {[%emt 0:00:19]} 4. d4 {[%emt 0:00:33]} c6 {[%emt 0:00:14]} 5. Bc4 {[%emt 0:00:40]} Nf6 {[%emt 0:00:43]} 6. Nge2 {[%emt 0:01:49]} Bg4 {[%emt 0:01:23]} 7. f3 {[%emt 0:00:35]} Bh5 {[%emt 0:00:51]} 8. Bf4 {[%emt 0:01:57]} Qd8 {[%emt 0:00:18]} 9. O-O {[%emt 0:02:34]} e6 {[%emt 0:00:27]} 10. Ng3 {[%emt 0:01:41]} Bd6 {[%emt 0:05:49]} 11. Bxd6 {[%emt 0:01:44]} Qxd6 {[%emt 0:00:20]} 12. Nxh5 {[%emt 0:01:23]} Nxh5 {[%emt 0:00:44]} 13. Ne4 {[%emt 0:02:25]} Qc7 {[%emt 0:02:01]} 14. Re1 {[%emt 0:03:01]} O-O {[%emt 0:02:27]} 15. c3 {[%emt 0:03:18]} Nd7 {[%emt 0:01:13]} 16. Qc2 {[%emt 0:03:47]} Rad8 {[%emt 0:01:09]} 17. Ng5 {[%emt 0:02:54]} Ndf6 {[%emt 0:14:17]} 18. Bxe6 {[%emt 0:03:57]} h6 {[%emt 0:00:20]} 19. Nxf7 {[%emt 0:11:14]} Rxf7 {[%emt 0:00:33]} 20. Bxf7+ Kxf7 {[%emt 0:02:22]} 21. Qf5 {[%emt 0:02:55]} Nf4 {[%emt 0:06:55]} 22. Qe5 {[%emt 0:12:06]} Qxe5 {[%emt 0:03:42]} 23. Rxe5 {[%emt 0:03:37]} Re8 {[%emt 0:07:57]} 24. Rxe8 {[%emt 0:05:13]} Nxe8 {[%emt 0:02:35]} 25. Rd1 {[%emt 0:02:20]} Nd6 {[%emt 0:00:35]} 26. a4 {[%emt 0:01:48]} Nc4 {[%emt 0:08:38]} 27. b3 {[%emt 0:05:49]} Ne3 {[%emt 0:02:03]} 28. Rd2 {[%emt 0:03:16]} Kf6 {[%emt 0:09:26]} 29. c4 {[%emt 0:04:47]} g5 {[%emt 0:01:47]} 30. g4 {[%emt 0:04:01]} Nh3+ {[%emt 0:09:29]} 31. Kh1 {[%emt 0:01:13]} Nf4 {[%emt 0:01:51]} 32. Kg1 {[%emt 0:04:29]} Nh3+ {[%emt 0:01:38]} 33. Kh1 Nf4 1/2-1/2

[Event "Faroes Open 2018"]
[Site "Sandavagur"]
[Date "2018.07.10"]
[Round "5"]
[White "Jones, Gawain C B"]
[Black "Narayanan, Srinath"]
[Result "1/2-1/2"]
[WhiteElo "2670"]
[BlackElo "2549"]
[Annotator "TA"]
[PlyCount "73"]
[EventDate "2018.07.07"]
[EventType "swiss"]
[EventCountry "FAI"]
[SourceTitle "playchess.com"]
[Source "ChessBase"]
[SourceQuality "1"]

{[%evp 18,73,0,0,0,0,0,0,0,0,27,27,24,0,0,-149,-110,-108,-88,-99,-115,-134,0,0,0,0,0,0,0,0,0,0,0,0,0,0,0,0,0,-54,-40,-154,-145,-139,-138,-319,-327,-297,-251,-280,-63,-51,0,0,0,-38,0,0]} 1. e4 e6 2. d4 d5 3. e5 c5 4. c3 Nc6 5. Nf3 Qb6 6. a3 Nh6 7. b4 {C02: French: Advance Variation} cxd4 8. b5 Na5 9. Bxh6 gxh6 10. cxd4 {LiveBook: 4 Games} Rg8 (10... Bd7 11. Nbd2 Rc8 12. a4 Bb4 13. Bd3 Rg8 14. O-O Bxd2 15. Qxd2 {0-1 (67) Vitiugov,N (2734)-Hou,Y (2658) Belokurikha 2018}) 11. g3 $146 ({Predecessor:} 11. Nc3 Bd7 12. Na4 Qd8 13. Nc5 b6 14. Nxd7 Qxd7 15. Rg1 Rc8 16. Bd3 Rc3 17. Bxh7 Rh8 {½-½ (40) Schaper,H-Oomen,A Netherlands 1998}) 11... Bd7 $1 12. Nbd2 Rg4 13. Bh3 Re4+ 14. Nxe4 dxe4 15. O-O {Strongly threatening Nd2.} (15. Nd2 {is interesting.} Qxd4 16. Rb1 Qxe5 17. a4 e3 18. fxe3 Qxe3+ 19. Qe2) 15... exf3 16. d5 (16. a4 $11 {remains equal.}) 16... Qxb5 (16... Bxb5 $6 17. Rb1 $11) 17. dxe6 Bxe6 (17... fxe6 18. Qxf3 O-O-O 19. Qf6 $15) 18. Bxe6 fxe6 19. Qc2 Bc5 (19... Qxe5 20. Rfe1 $15) (19... Qd7 $17 20. Rad1 Qf7) 20. Rad1 $11 (20. Qxh7 O-O-O $17) 20... Rd8 {[#] White must now prevent ...Rxd1.} 21. Qxh7 {Intending Qg6+ and mate.} Rxd1 ({Much worse is} 21... Bxf2+ $6 22. Kh1 $16) 22. Rxd1 {Qg6+ would kill now.} Bxf2+ 23. Kh1 {White wants to mate with Qg6+.} Nc6 $1 {White should prevent ...Bd4.} 24. Rb1 Qc5 {Hoping for ...b5.} ({Not} 24... Qxe5 $2 25. Qg8+ Ke7 26. Rxb7+ Kd6 27. Qf8+ Kd5 28. Rb5+ Kc4 29. Rxe5 $18) 25. Qg8+ Qf8 26. Qxe6+ Qe7 27. Qg8+ Qf8 28. Qg4 (28. Qe6+ $11 Qe7 29. Qg8+ Qf8 30. Qe6+) 28... Bb6 $1 $15 29. Qc8+ (29. Rd1 $1 $15 Nd4 30. Rxd4 Bxd4 31. Qe6+ Kd8 32. Qd5+ Kc7 33. Qxd4) 29... Nd8 $17 30. Rd1 {[%csl Gd1][%cal Rc8d7]} Qf7 (30... Qxa3 31. Qd7+ Kf8 32. Qf5+ Ke8 33. Qg6+ Kf8 34. Qxh6+ Kg8 35. Qg6+ Kf8 36. e6 $18) 31. Qc3 $2 (31. e6 $17 Qc7 32. Qd7+ Qxd7 33. exd7+ Ke7 34. Rd3) 31... f2 $19 32. Kg2 Nc6 33. e6 {[#]} Qxe6 $2 (33... Qg6 $1 $19 {And now ...Bd4! would win.} 34. Qc4 Qf5) 34. Qh8+ $15 Ke7 (34... Kf7 $5 {[%cal Re6e4]} 35. Qh7+ Kf8 36. Qh8+ Qg8 37. Qxh6+ Qg7 38. Qd6+ Qe7 $11) 35. Qg7+ Ke8 36. Qh8+ Ke7 (36... Kf7 $5 37. Qh7+ $8 Kf8 38. Qh8+ Qg8 39. Qxh6+ Qg7 40. Qd6+ Ne7 $11) 37. Qg7+ {Precision: White = 57%, Black = 64%.} 1/2-1/2

[Event "Faroes Open 2018"]
[Site "Sandavagur"]
[Date "2018.07.10"]
[Round "5"]
[White "Vavulin, Maksim"]
[Black "Nakar, Eylon"]
[Result "0-1"]
[WhiteElo "2552"]
[BlackElo "2462"]
[Annotator "ChessBase"]
[PlyCount "134"]
[EventDate "2018.07.07"]
[EventType "swiss"]
[EventCountry "FAI"]
[SourceTitle "playchess.com"]
[Source "ChessBase"]
[SourceQuality "1"]
[TimeControl "40/5400+30:900+30"]

1. e4 {[%emt 0:01:21]} e6 {[%emt 0:00:00]} 2. d4 {[%emt 0:03:44]} d5 {[%emt 0:00:00]} 3. Nd2 {[%emt 0:00:17]} c5 {[%emt 0:00:10]} 4. Ngf3 {[%emt 0:00:16]} cxd4 {[%emt 0:00:29]} 5. Nxd4 {[%emt 0:00:12]} Nc6 {[%emt 0:00:44]} 6. Bb5 {[%emt 0:00:15]} Bd7 {[%emt 0:00:15]} 7. Nxc6 {[%emt 0:00:11]} bxc6 {[%emt 0:00:23]} 8. Bd3 {[%emt 0:00:12]} Qc7 {[%emt 0:00:48]} 9. Qe2 {[%emt 0:04:52]} Ne7 {[%emt 0:00:39]} 10. Qh5 {[%emt 0:20:57]} Ng6 {[%emt 0:24:09]} 11. g3 {[%emt 0:00:30]} Be7 {[%emt 0:20:34]} 12. Nf3 {[%emt 0:05:49]} O-O {[%emt 0:01:58]} 13. O-O {[%emt 0:06:08]} Be8 {[%emt 0:28:33]} 14. exd5 {[%emt 0:12:36]} cxd5 {[%emt 0:00:06]} 15. c3 {[%emt 0:08:40]} Qb7 {[%emt 0:12:07]} 16. Re1 {[%emt 0:01:45]} Bb5 {[%emt 0:00:40]} 17. Bc2 {[%emt 0:01:36]} Qa6 {[%emt 0:00:23]} 18. Ne5 {[%emt 0:02:22]} Bf6 {[%emt 0:01:35]} 19. Ng4 {[%emt 0:16:30]} Be7 {[%emt 0:00:04]} 20. Ne5 {[%emt 0:00:24]} Bf6 {[%emt 0:00:02]} 21. Nxg6 {[%emt 0:03:25]} hxg6 {[%emt 0:00:07]} 22. Qd1 {[%emt 0:00:02]} Rfd8 {[%emt 0:02:10]} 23. Be3 {[%emt 0:00:08]} e5 {[%emt 0:00:18]} 24. Bc5 {[%emt 0:00:30]} Rac8 {[%emt 0:03:10]} 25. b4 {[%emt 0:01:37]} e4 {[%emt 0:02:05]} 26. a4 {[%emt 0:02:17]} Bd7 {[%emt 0:00:53]} 27. Re3 {[%emt 0:02:06]} Bf5 {[%emt 0:00:30]} 28. Rb1 {[%emt 0:01:53]} Qe6 {[%emt 0:00:11]} 29. Bd4 {[%emt 0:01:56]} Bxd4 {[%emt 0:00:20]} 30. Qxd4 {[%emt 0:00:08]} Rc4 {[%emt 0:00:50]} 31. Qd2 {[%emt 0:00:21]} d4 32. Bb3 Qc8 33. Rd1 Bg4 34. Bxc4 Bxd1 35. cxd4 Qxc4 36. Qxd1 Rxd4 37. Qg4 f5 38. Qe2 Qxe2 39. Rxe2 Rxb4 40. Ra2 a5 41. h4 Kh7 42. Kg2 Kh6 43. Rc2 Rxa4 44. Rc8 Kh7 45. Ra8 Ra2 46. Kf1 a4 47. Kg1 a3 48. Kf1 Ra1+ 49. Kg2 a2 50. Kh2 g5 51. hxg5 Kg6 52. Ra7 Kh5 53. Kg2 g6 54. Ra5 Kxg5 55. Ra6 Kh5 56. Ra5 g5 57. Kh2 Kg4 58. Kg2 f4 59. gxf4 gxf4 60. f3+ exf3+ 61. Kf2 Rh1 62. Ra8 Rh2+ 63. Kf1 Rb2 64. Ra4 Kh5 65. Kg1 f2+ 66. Kg2 f1=Q+ 67. Kxf1 Rb1+ 0-1

[Event "Faroes Open 2018"]
[Site "Sandavagur"]
[Date "2018.07.10"]
[Round "5"]
[White "Kunin, Vitaly"]
[Black "Ziska, Helgi Dam"]
[Result "1-0"]
[WhiteElo "2538"]
[BlackElo "2552"]
[Annotator "ChessBase"]
[PlyCount "117"]
[EventDate "2018.07.07"]
[EventType "swiss"]
[EventCountry "FAI"]
[SourceTitle "playchess.com"]
[Source "ChessBase"]
[SourceQuality "1"]
[TimeControl "40/5400+30:900+30"]

1. d4 {[%emt 0:00:00]} Nf6 {[%emt 0:00:00]} 2. c4 {[%emt 0:00:32]} g6 {[%emt 0:00:02]} 3. Nc3 {[%emt 0:00:15]} Bg7 {[%emt 0:00:29]} 4. e4 {[%emt 0:01:34]} d6 {[%emt 0:00:41]} 5. Be2 {[%emt 0:00:55]} O-O {[%emt 0:01:18]} 6. Bg5 {[%emt 0:00:31]} Na6 {[%emt 0:05:10]} 7. f4 {[%emt 0:01:30]} c6 {[%emt 0:03:52]} 8. Nf3 {[%emt 0:00:50]} Nc7 {[%emt 0:16:42]} 9. Qd2 {[%emt 0:00:49]} d5 {[%emt 0:04:18]} 10. Bxf6 {[%emt 0:00:24]} exf6 {[%emt 0:00:28]} 11. exd5 {[%emt 0:00:11]} cxd5 {[%emt 0:00:30]} 12. c5 {[%emt 0:00:30]} Bf5 {[%emt 0:20:05]} 13. O-O {[%emt 0:00:03]} Be4 {[%emt 0:02:00]} 14. Rae1 {[%emt 0:02:29]} Ne6 {[%emt 0:05:25]} 15. Bd1 {[%emt 0:04:59]} b6 {[%emt 0:09:12]} 16. b4 {[%emt 0:02:33]} a5 {[%emt 0:00:05]} 17. a3 {[%emt 0:02:33]} axb4 {[%emt 0:00:06]} 18. axb4 {[%emt 0:00:07]} f5 {[%emt 0:02:02]} 19. Ne5 {[%emt 0:01:27]} bxc5 {[%emt 0:00:26]} 20. dxc5 {[%emt 0:12:51]} Bxe5 {[%emt 0:01:23]} 21. fxe5 {[%emt 0:00:11]} Qb8 {[%emt 0:02:50]} 22. Kh1 {[%emt 0:12:22]} Qxe5 {[%emt 0:02:36]} 23. Bf3 {[%emt 0:05:24]} Rab8 {[%emt 0:02:15]} 24. Na4 {[%emt 0:05:42]} Qd4 {[%emt 0:08:12]} 25. Qxd4 {[%emt 0:01:05]} Nxd4 {[%emt 0:00:04]} 26. Nb6 {[%emt 0:00:14]} Nxf3 {[%emt 0:05:45]} 27. gxf3 {[%emt 0:00:12]} Bd3 {[%emt 0:00:10]} 28. Rf2 {[%emt 0:04:12]} Rxb6 {[%emt 0:00:16]} 29. cxb6 {[%emt 0:00:08]} Rb8 {[%emt 0:00:04]} 30. Re7 {[%emt 0:04:27]} Rxb6 {[%emt 0:02:23]} 31. Ra2 {[%emt 0:00:10]} Rxb4 {[%emt 0:02:18]} 32. Raa7 {[%emt 0:00:49]} Kg7 {[%emt 0:01:03]} 33. Rxf7+ {[%emt 0:01:23]} Kh6 {[%emt 0:00:04]} 34. Rxh7+ {[%emt 0:00:43]} Kg5 {[%emt 0:00:04]} 35. Ra2 {[%emt 0:00:22]} Rb1+ {[%emt 0:00:53]} 36. Kg2 {[%emt 0:00:09]} Bc4 {[%emt 0:00:32]} 37. Rd2 {[%emt 0:00:33]} Re1 {[%emt 0:02:53]} 38. Kg3 {[%emt 0:10:29]} Kf6 {[%emt 0:01:19]} 39. h4 {[%emt 0:00:39]} Rb1 {[%emt 0:00:45]} 40. Rc7 {[%emt 0:02:19]} Rb6 {[%emt 0:00:36]} 41. Kf4 {[%emt 0:15:59]} Bb3 {[%emt 0:05:12]} 42. Rb2 {[%emt 0:00:00]} Rb4+ {[%emt 0:00:07]} 43. Ke3 f4+ 44. Kd2 Rc4 45. Ra7 Ba4 46. Ra6+ Kf5 47. Kd3 Bd7 48. Rd6 Rc7 49. Rxd5+ Kf6 50. Rb6+ Kg7 51. Rd4 Bf5+ 52. Kd2 Rc2+ 53. Kd1 Rh2 54. Rxf4 Kh7 55. Ke1 Bd3 56. Rd6 Bf5 57. Rd2 Rh1+ 58. Kf2 Rb1 59. h5 1-0

[Event "Faroes Open 2018"]
[Site "Sandavagur"]
[Date "2018.07.10"]
[Round "5"]
[White "Miezis, Normunds"]
[Black "Haubro, Martin"]
[Result "1-0"]
[WhiteElo "2468"]
[BlackElo "2373"]
[Annotator "ChessBase"]
[PlyCount "79"]
[EventDate "2018.07.07"]
[EventType "swiss"]
[EventCountry "FAI"]
[SourceTitle "playchess.com"]
[Source "ChessBase"]
[SourceQuality "1"]
[TimeControl "40/5400+30:900+30"]

1. c4 {[%emt 0:00:00]} c6 {[%emt 0:00:29]} 2. e4 {[%emt 0:00:25]} d5 {[%emt 0:00:04]} 3. exd5 {[%emt 0:01:15]} cxd5 {[%emt 0:00:04]} 4. cxd5 {[%emt 0:01:10]} Nf6 {[%emt 0:00:07]} 5. Nc3 {[%emt 0:00:24]} Nxd5 {[%emt 0:00:52]} 6. Nf3 {[%emt 0:00:26]} Nc6 {[%emt 0:02:05]} 7. Bb5 {[%emt 0:06:17]} e6 {[%emt 0:07:26]} 8. O-O {[%emt 0:02:27]} a6 {[%emt 0:11:40]} 9. Bxc6+ {[%emt 0:08:57]} bxc6 {[%emt 0:00:05]} 10. Qa4 {[%emt 0:01:08]} Bd7 {[%emt 0:03:38]} 11. Ne5 {[%emt 0:01:34]} Bd6 {[%emt 0:01:53]} 12. Re1 {[%emt 0:11:57]} Qc7 {[%emt 0:06:33]} 13. d4 {[%emt 0:03:28]} Nxc3 {[%emt 0:16:07]} 14. bxc3 {[%emt 0:00:57]} c5 {[%emt 0:00:16]} 15. Qd1 {[%emt 0:06:00]} cxd4 {[%emt 0:03:30]} 16. cxd4 {[%emt 0:05:21]} O-O {[%emt 0:03:13]} 17. Qg4 {[%emt 0:15:12]} Rfe8 {[%emt 0:06:56]} 18. Bg5 {[%emt 0:10:50]} Bf8 {[%emt 0:09:02]} 19. Bf6 {[%emt 0:08:06]} Rac8 {[%emt 0:04:11]} 20. h4 {[%emt 0:00:47]} Ba4 {[%emt 0:03:26]} 21. h5 {[%emt 0:07:30]} Bc2 {[%emt 0:03:39]} 22. h6 {[%emt 0:01:45]} Bg6 {[%emt 0:02:29]} 23. hxg7 {[%emt 0:02:08]} Bxg7 {[%emt 0:00:08]} 24. Bxg7 {[%emt 0:00:56]} Kxg7 {[%emt 0:00:07]} 25. Re3 {[%emt 0:00:05]} Qc2 {[%emt 0:02:22]} 26. Rf3 {[%emt 0:00:27]} f5 {[%emt 0:02:16]} 27. Qg5 {[%emt 0:00:59]} Rc3 {[%emt 0:00:20]} 28. Rxc3 {[%emt 0:00:34]} Qxc3 {[%emt 0:00:06]} 29. Rc1 {[%emt 0:00:10]} Qa5 {[%emt 0:00:08]} 30. Qg3 {[%emt 0:01:09]} Re7 {[%emt 0:05:09]} 31. Rc8 {[%emt 0:00:49]} Qe1+ {[%emt 0:02:25]} 32. Kh2 {[%emt 0:00:03]} Qe4 {[%emt 0:00:34]} 33. Nxg6 {[%emt 0:01:49]} hxg6 {[%emt 0:00:06]} 34. Qh3 {[%emt 0:00:31]} Kf6 35. Qh8+ Kg5 36. g3 e5 37. dxe5 Kg4 38. Qh3+ Kf3 39. Qg2+ Kg4 40. f3+ 1-0

[Event "Faroes Open 2018"]
[Site "Sandavagur"]
[Date "2018.07.10"]
[Round "5"]
[White "Nielsen, Høgni Egilstoft"]
[Black "Hruby, Milan"]
[Result "1-0"]
[WhiteElo "2397"]
[BlackElo "2031"]
[Annotator "NA"]
[PlyCount "87"]
[EventDate "2018.07.07"]
[EventType "swiss"]
[EventCountry "FAI"]
[SourceTitle "playchess.com"]
[Source "ChessBase"]
[SourceQuality "1"]
[TimeControl "40/5400+30:900+30"]

1. e4 {[%emt 0:00:00]} e5 {[%emt 0:00:00]} 2. Nf3 {[%emt 0:00:00]} Nc6 {[%emt 0:00:00]} 3. Bc4 {[%emt 0:00:08]} Nf6 {[%emt 0:00:03]} 4. d3 {[%emt 0:00:22]} Be7 {[%emt 0:00:29]} 5. c3 {[%emt 0:00:55]} d6 {[%emt 0:00:24]} 6. Bb3 {[%emt 0:00:22]} O-O {[%emt 0:00:17]} 7. Nbd2 {[%emt 0:00:27]} Na5 {[%emt 0:00:16]} 8. Bc2 {[%emt 0:01:14]} c5 {[%emt 0:00:14]} 9. O-O {[%emt 0:06:51]} Nc6 {[%emt 0:00:15]} 10. Re1 {[%emt 0:00:42]} Re8 {[%emt 0:00:29]} 11. Nf1 {[%emt 0:06:47]} h6 {[%emt 0:00:59]} 12. h3 {[%emt 0:01:47]} Bf8 {[%emt 0:02:40]} 13. Ng3 {[%emt 0:07:03]} d5 {[%emt 0:01:14]} 14. exd5 {[%emt 0:05:29]} Qxd5 {[%emt 0:01:46]} 15. Be3 {[%emt 0:06:33]} b6 {[%emt 0:08:18]} 16. Bb3 {[%emt 0:14:07]} Qd6 {[%emt 0:03:19]} 17. Nh4 {[%emt 0:05:23]} Be6 {[%emt 0:33:44]} 18. Nhf5 {[%emt 0:11:35]} Qd8 {[%emt 0:01:18]} 19. Qf3 {[%emt 0:05:56]} Bd5 {[%emt 0:07:16]} 20. Ne4 {[%emt 0:06:37]} Nxe4 {[%emt 0:03:42]} 21. Bxd5 {[%emt 0:00:55]} Qxd5 {[%emt 0:00:23]} 22. dxe4 {[%emt 0:00:08]} Qe6 {[%emt 0:00:40]} 23. Red1 {[%emt 0:02:17]} Rad8 {[%emt 0:12:39]} 24. Rd5 {[%emt 0:00:44]} Ne7 {[%emt 0:01:00]} 25. Nxe7+ {[%emt 0:00:55]} Bxe7 {[%emt 0:00:17]} 26. Rad1 {[%emt 0:03:39]} Rd6 {[%emt 0:07:46]} 27. c4 {[%emt 0:01:19]} Red8 {[%emt 0:00:07]} 28. Bd2 {[%emt 0:02:26]} Rxd5 {[%emt 0:03:07]} 29. exd5 {[%emt 0:03:08]} Qg6 {[%emt 0:00:46]} 30. Re1 {[%emt 0:01:07]} Bd6 {[%emt 0:00:33]} 31. Qg4 {[%emt 0:01:14]} Kh7 {[%emt 0:00:49]} 32. Bc3 {[%emt 0:01:41]} Qxg4 {[%emt 0:03:07]} 33. hxg4 {[%emt 0:00:02]} f6 {[%emt 0:00:22]} 34. f3 {[%emt 0:01:30]} Kg6 {[%emt 0:00:08]} 35. Kf2 {[%emt 0:00:31]} Rh8 {[%emt 0:00:17]} 36. a4 {[%emt 0:02:32]} a5 37. f4 h5 38. fxe5 fxe5 39. Bxe5 Bxe5 40. Rxe5 Rf8+ 41. Kg3 h4+ 42. Kxh4 Rf4 43. Re6+ Kf7 44. b3 1-0

[Event "Faroes Open 2018"]
[Site "Sandavagur"]
[Date "2018.07.10"]
[Round "5"]
[White "Kristiansen, Jens"]
[Black "Rodgaard, John"]
[Result "1/2-1/2"]
[WhiteElo "2380"]
[BlackElo "2319"]
[Annotator "NA"]
[PlyCount "88"]
[EventDate "2018.07.07"]
[EventType "swiss"]
[EventCountry "FAI"]
[SourceTitle "playchess.com"]
[Source "ChessBase"]
[SourceQuality "1"]
[TimeControl "40/5400+30:900+30"]

1. d4 {[%emt 0:00:00]} d5 {[%emt 0:00:05]} 2. c4 {[%emt 0:00:00]} c6 {[%emt 0:00:28]} 3. Nf3 {[%emt 0:00:00]} Nf6 {[%emt 0:00:39]} 4. Nc3 {[%emt 0:00:00]} dxc4 {[%emt 0:01:17]} 5. a4 {[%emt 0:00:08]} Bf5 {[%emt 0:00:49]} 6. Nh4 {[%emt 0:00:17]} Bc8 {[%emt 0:04:16]} 7. e3 {[%emt 0:00:41]} e5 {[%emt 0:02:45]} 8. Bxc4 {[%emt 0:00:29]} exd4 {[%emt 0:00:32]} 9. exd4 {[%emt 0:00:07]} Be7 {[%emt 0:00:47]} 10. O-O {[%emt 0:00:15]} O-O {[%emt 0:00:11]} 11. Re1 {[%emt 0:02:41]} Na6 {[%emt 0:05:12]} 12. Qb3 {[%emt 0:11:05]} Nc7 {[%emt 0:04:05]} 13. Nf3 {[%emt 0:05:03]} Nfd5 {[%emt 0:20:45]} 14. Bxd5 {[%emt 0:15:58]} Nxd5 {[%emt 0:03:24]} 15. Nxd5 {[%emt 0:00:06]} cxd5 {[%emt 0:00:12]} 16. Bf4 {[%emt 0:00:11]} b6 {[%emt 0:18:13]} 17. Rac1 {[%emt 0:06:13]} Be6 {[%emt 0:01:35]} 18. Bc7 {[%emt 0:01:24]} Qe8 {[%emt 0:00:51]} 19. Rc3 {[%emt 0:06:59]} Rc8 {[%emt 0:05:48]} 20. Rec1 {[%emt 0:03:36]} f6 {[%emt 0:05:23]} 21. Bf4 {[%emt 0:05:05]} Rxc3 {[%emt 0:01:00]} 22. Rxc3 {[%emt 0:00:09]} Rf7 {[%emt 0:04:19]} 23. h3 {[%emt 0:03:16]} Bf8 {[%emt 0:00:31]} 24. Bc7 {[%emt 0:03:49]} Qd7 {[%emt 0:03:42]} 25. Bb8 {[%emt 0:07:12]} Qd8 {[%emt 0:02:30]} 26. Bf4 {[%emt 0:00:28]} Re7 {[%emt 0:04:49]} 27. Qc2 {[%emt 0:04:11]} Qd7 {[%emt 0:00:59]} 28. Rc7 {[%emt 0:02:29]} Bf5 {[%emt 0:03:07]} 29. Qb3 {[%emt 0:10:28]} Qd8 {[%emt 0:00:10]} 30. Rc3 {[%emt 0:01:36]} g5 {[%emt 0:01:23]} 31. Bg3 {[%emt 0:00:47]} Re2 {[%emt 0:00:46]} 32. Qb5 {[%emt 0:03:30]} Re4 {[%emt 0:01:19]} 33. Rc7 {[%emt 0:02:11]} Re7 {[%emt 0:00:22]} 34. Qc6 {[%emt 0:01:19]} Kf7 {[%emt 0:00:28]} 35. b4 {[%emt 0:02:06]} Rxc7 36. Bxc7 Qd7 37. Qxd7+ Bxd7 38. b5 Bf5 39. a5 bxa5 40. Bxa5 Bd3 41. b6 axb6 42. Bxb6 Bb4 43. Nh2 h5 44. Nf1 Ke6 1/2-1/2